Revista mexicana de análisis político y administración pública (Registro nro. 166319)
[ vista simple ]
| 000 -LEADER | |
|---|---|
| fixed length control field | 01636nas a2200349 a 4500 |
| 001 - CONTROL NUMBER | |
| control field | .b59144488 |
| 007 - PHYSICAL DESCRIPTION FIXED FIELD--GENERAL INFORMATION | |
| fixed length control field | cr ||||||||||| |
| 008 - FIXED-LENGTH DATA ELEMENTS--GENERAL INFORMATION | |
| fixed length control field | 140522c20129999mx fr p s 0 b0spa|c |
| 022 ## - | |
| -- | 2007-4638 |
| -- | 2007-4425 |
| 035 ## - | |
| -- | 21831 |
| 040 ## - CATALOGING SOURCE | |
| Original cataloging agency | ES-BaCBU |
| Language of cataloging | cat |
| Transcribing agency | ES-BaCBU |
| Modifying agency | vLex |
| 041 0# - | |
| -- | spa |
| -- | eng |
| 090 ## - | |
| -- | 8082 |
| -- | 8082 |
| 222 #0 - | |
| -- | Revista mexicana de análisis político y administración pública |
| -- | (En línea) |
| 245 00 - TITLE STATEMENT | |
| Title | Revista mexicana de análisis político y administración pública |
| Medium | [Recurso electrónico] |
| 246 3# - | |
| -- | REMAP |
| 256 ## - | |
| -- | Servicio en línea |
| 260 ## - PUBLICATION, DISTRIBUTION, ETC. (IMPRINT) | |
| Place of publication, distribution, etc | Guanajuato : |
| Name of publisher, distributor, etc | Universidad de Guanajuato. División de Derecho, Política y Gobierno. Departamento de Estudios Políticos : |
| -- | Departamento de Gestión Pública, |
| Date of publication, distribution, etc | 2012- |
| 310 ## - | |
| -- | Semestral |
| 362 0# - | |
| -- | Vol. 1, no. 1 (enero-jun. 2012)- |
| 506 ## - RESTRICTIONS ON ACCESS NOTE | |
| Terms governing access | Disponible solo en los productos indicados |
| Authorized users | vLex Global |
| -- | vLex Global (Academic Edition, excluding Law Schools) |
| -- | vLex Global (U.S. Academic Edition, Law Schools) |
| -- | vLex Global (U.S. Academic Edition, excluding Law Schools) |
| -- | vLex Global (Academic Edition, Law Schools) |
| 546 ## - LANGUAGE NOTE | |
| Language note | Texto en castellano, resúmenes en inglés y castellano |
| 650 09 - SUBJECT ADDED ENTRY--TOPICAL TERM | |
| Topical term or geographic name as entry element | Administración pública |
| Source of heading or term | thub |
| 650 09 - SUBJECT ADDED ENTRY--TOPICAL TERM | |
| Topical term or geographic name as entry element | Política |
| Source of heading or term | thub |
| 651 #9 - SUBJECT ADDED ENTRY--GEOGRAPHIC NAME | |
| Geographic name | México |
| Source of heading or term | thub |
| 710 2# - ADDED ENTRY--CORPORATE NAME | |
| Corporate name or jurisdiction name as entry element | Universidad de Guanajuato. |
| Subordinate unit | Departamento de Estudios Políticos |
| 710 2# - ADDED ENTRY--CORPORATE NAME | |
| Corporate name or jurisdiction name as entry element | Universidad de Guanajuato. |
| Subordinate unit | Departamento de Gestión Pública |
| 740 0# - | |
| -- | vLex Revistas (Servicio en línea) |
| 856 40 - LOCALIZACIÓN Y ACCESO ELECTRÓNICO | |
| Identificador Uniforme del Recurso (URI/URL) | https://app.vlex.com/#/sources/boletin-actualidad-vlex-21831 |
| 942 ## - | |
| -- | RAA |
| 999 ## - | |
| -- | 166319 |
| -- | 166319 |
No hay ítems disponibles.